000 00961naa a22002777a 4500
001 BR9510804
003 BR-BrBNA
005 20240918181525.0
007 ta
008 230509b bl.||||| |||| 00| 0 por d
040 _aBR-BrBNA
_bpor
_cBiblioteca Nacional de Agricultura
041 _a(Pt)
072 _aE70
090 _aE70 BR9510804
100 1 _aRezende, P.S. de
111 1 _aReuniao Pesquisa - Extensao
_cVicosa, MG (Brazil)
_d4-6 May 1976
245 1 _aMatriz de elasticidades da procura e projecao do consumo de produtos agricolas, em Juiz de Fora, Minas Gerais
260 3 _aVicosa, MG (Brasil):
_c1976.
500 _aReuniao pesquisa - extensao Vicosa, MG (Brasil): 1976. p. 4-6 (BR9510804-AM)E70
650 _aProduto
650 _aPreco
650 _aDistribuicao de Renda
773 0 _tReuniao pesquisa - extensao
_wC20 BR9510803
_gVicosa, MG (Brasil), 1976.
_q71 p.
909 _a202404
_bLucia
_c55
_dLucia Elande
942 _cAM
_2AGRIS
999 _c325665
_d325665